Ontario Cities Quiz Stats

 Plays Quiz not verified by Sporcle

Challenge
Share
Tweet
Embed
Score 0/21 Timer 06:00
0 Plays Today
Population City % Correct
5,113,149Toronto
98.9%
1,130,761Ottawa
94.8%
692,911Hamilton
87.5%
457,720London
84.8%
323,342Windsor
80.9%
122,907Thunder Bay
76.8%
451,235Kitchener/Waterloo
75.1%
152,358Kingston
70.8%
158,258Sudbury
70.6%
330,594Oshawa
67%
390,317St. Catharines/Niagara Falls
64.4%
Population City % Correct
177,061Barrie
63.7%
127,009Guelph
53.4%
116,570Peterborough
52.4%
63,424North Bay
49.8%
88,793Sarnia
46.6%
80,098Sault Ste. Marie
43.3%
91,518Belleville
37.8%
124,607Brantford
33.9%
58,485Cornwall
32.6%
108,589Chatham/Kent
30.1%

You're not logged in!

Compare scores with friends on all Sporcle quizzes.
Join for Free
OR
Log In

You Might Also Like...

Show Comments

Extras

Top Quizzes Today


Score Distribution

Your Account Isn't Verified!

In order to create a playlist on Sporcle, you need to verify the email address you used during registration. Go to your Sporcle Settings to finish the process.

Report this User

Report this user for behavior that violates our Community Guidelines.

Details: